000 00580nam a2200217 i 4500
001 146240
003 ES-MaACL
005 20230906201449.0
007 t|
008 070905s1970 sp ||||1| spa d
080 _a159.163.3
080 _a612.821.76
100 1 _aTorres Morry, José.
_9110988
245 1 3 _aEl sueño y los sueños /
_cJosé Torres Morry.
250 _a[1ª ed.].
260 _aBarcelona :
_bGrijalbo,
_c1970.
300 _a398 p. :
_bil. ;
_c20 cm.
650 1 4 _aSueños.
_917252
650 1 4 _aSueño.
_917251
852 _aES-MaACL
_jC-50085
_bR.74470
999 _c146240
_d146240